Loading...
| Auditory Arts | 9 | 26.67 | 100% | 100% | 67% |
| Beliefs | 10 | 20.00 | 100% | 70% | 30% |
| Current Events | 6 | 20.00 | 100% | 100% | 0% |
| Fine Arts - Other Arts | 9 | 13.33 | 89% | 44% | 0% |
| Geography | 2 | 10.00 | 50% | 50% | 0% |
| History - American History | 6 | 15.00 | 83% | 17% | 50% |
| History - Ancient History | 3 | 20.00 | 67% | 100% | 33% |
| History - European History | 8 | 17.50 | 88% | 63% | 25% |
| History - Other History | 4 | 22.50 | 100% | 75% | 50% |
| History - World History | 5 | 20.00 | 100% | 60% | 40% |
| Literature - American Literature | 9 | 17.78 | 100% | 67% | 11% |
| Literature - British Literature | 8 | 21.25 | 100% | 88% | 25% |
| Literature - European Literature | 6 | 20.00 | 100% | 50% | 50% |
| Literature - World Literature | 6 | 13.33 | 100% | 17% | 17% |
| Philosophy | 5 | 24.00 | 100% | 100% | 40% |
| Science - Biology | 6 | 16.67 | 100% | 50% | 17% |
| Science - Chemistry | 6 | 11.67 | 83% | 33% | 0% |
| Science - Other Science | 6 | 21.67 | 100% | 67% | 50% |
| Science - Physics | 5 | 18.00 | 100% | 60% | 20% |
| Social Science | 6 | 20.00 | 100% | 67% | 33% |
| Visual Arts | 6 | 18.33 | 100% | 50% | 33% |